| 000 | 00885cam a22002655a 4500 | ||
|---|---|---|---|
| 001 | 18447369 | ||
| 005 | 20161229125550.0 | ||
| 008 | 150113s2013 ne a frb 001 0 eng d | ||
| 020 | _a9780444506627 | ||
| 040 |
_aDLC _beng _cDLC _dEG-ScBUE |
||
| 082 | 0 | 4 |
_222 _a622.1828 _bAMI |
| 100 | 1 |
_aAminzadeh, Fred. _99282 |
|
| 245 | 1 | 0 |
_aGeophysics for petroleum engineers / _cFred Aminzadeh, Shivaji N. Dasgupta. |
| 250 | _a1st ed. | ||
| 260 |
_aAmsterdam ; _aOxford : _bElsevier, _c2013. |
||
| 300 |
_axxii, 282 p. : _bill. ; _c24 cm. |
||
| 490 | 0 |
_aDevelopments in petroleum science, _x0376-7361 ; _vv. 60 |
|
| 504 | _aIncludes bibliographical references and index. | ||
| 650 | 7 |
_aPetroleum _xProspecting. _2BUEsh _95118 |
|
| 650 | 7 |
_aProspecting _xGeophysical methods. _2BUEsh _98945 |
|
| 651 | _2BUEsh | ||
| 653 |
_bENGPET _cDecember2016 |
||
| 700 | 1 | _aDasgupta, Shivaji N. | |
| 942 | _2ddc | ||
| 999 |
_c23782 _d23754 |
||